| Tag |
First Indicator |
Second Indicator |
Subfields |
| LEADER |
00000cam a2200000Ia 4500 |
| 001 |
in00002425332 |
| 005 |
20190327171536.0 |
| 006 |
m d |
| 007 |
cr cn| |
| 008 |
070802s2007 enka o 001 0 eng d |
| 020 |
|
|
|a 9780750684392
|
| 020 |
|
|
|a 0750684399
|
| 029 |
1 |
|
|a NZ1
|b 11778368
|
| 035 |
|
|
|a (OCoLC)ocn162131566
|
| 035 |
|
|
|a (OCoLC)162131566
|
| 037 |
|
|
|a 139670:139807
|b Elsevier Science & Technology
|n http://www.sciencedirect.com
|
| 040 |
|
|
|a OPELS
|c OPELS
|d OPELS
|d UtOrBLW
|
| 049 |
|
|
|a TXAM
|
| 050 |
1 |
4 |
|a TJ759
|b .M37 2007
|
| 082 |
0 |
4 |
|a 621.430287
|2 22
|
| 100 |
1 |
|
|a Martyr, Anthony.
|
| 245 |
1 |
0 |
|a Engine testing :
|b theory and practice /
|c A.J. Martyr, M.A. Plint.
|
| 250 |
|
|
|a 3rd ed.
|
| 264 |
|
1 |
|a Oxford :
|b Butterworth-Heinemann,
|c 2007.
|
| 300 |
|
|
|a 1 online resource.
|
| 336 |
|
|
|a text
|b txt
|2 rdacontent
|
| 337 |
|
|
|a computer
|b c
|2 rdamedia
|
| 338 |
|
|
|a online resource
|b cr
|2 rdacarrier
|
| 520 |
|
|
|a This book brings together the large and scattered body of information on the theory and practice of engine testing, to which any engineer responsible for work of this kind must have access. Engine testing is a fundamental part of development of new engine and powertrain systems, as well as of the modification of existing systems. It forms a significant part of the practical work of many automotive and mechanical engineers, in the auto manufacturing companies, their suppliers suppliers, specialist engineering services organisations, the motor sport sector, hybrid vehicles and tuning sector. The eclectic nature of engine, powertrain, chassis and whole vehicle testing makes this comprehensive book a true must-have reference for those in the automotive industry as well as more advanced students of automotive engineering. * The only book dedicated to engine testing; over 4000 copies sold of the second edition * Covers all key aspects of this large topic, including test-cell set up, data management, dynamometer selection and use, air, thermal, combustion, mechanical, and emissions assessment * Most automotive engineers are involved with many aspects covered by this book, making it a must-have reference.
|
| 505 |
0 |
|
|a System integration, specification and project organisation -- The Test Cell as a Thermodynamic System -- Test cell and Control Room design: an overall view -- Ventilation and air conditioning -- Vibration and noise Flow systems: fuel, water, and exhaust -- Dynamometers and the measurement of torque -- Electrical design considerations -- Test cell control and data acquisition. -- Measurement of fuel consumption -- Coupling the engine to the dynamometer Thermal efficiency and measurement of heat losses. -- The Combustion process, combustion analysis and measurement of mechanical losses -- Exhaust emissions -- Fuels, fuel & lubricant testing and tribology -- Chassis dynamometers -- Computerised test sequences Data handling, post test processing and host computer systems -- The pursuit of accuracy.
|
| 500 |
|
|
|a Previous edition: 1999.
|
| 500 |
|
|
|a Includes index.
|
| 504 |
|
|
|a Includes bibliographical references and index.
|
| 500 |
|
|
|a Electronic resource.
|
| 650 |
|
0 |
|a Internal combustion engines
|x Testing.
|
| 655 |
|
7 |
|a Electronic books.
|2 local
|
| 700 |
1 |
|
|a Plint, M. A.
|q (Michael Alexander)
|
| 776 |
1 |
|
|c Original
|z 9780750684392
|z 0750684399
|w (OCoLC)124026715
|
| 710 |
2 |
|
|a ScienceDirect (Online service)
|
| 856 |
4 |
0 |
|u http://proxy.library.tamu.edu/login?url=http://www.sciencedirect.com/science/book/9780750684392
|z Connect to the full text of this electronic book
|t 0
|
| 994 |
|
|
|a 92
|b TXA
|
| 999 |
|
|
|a MARS
|
| 999 |
f |
f |
|s 68d9a3af-9b18-3d51-ad86-7b2d0e3d8bca
|i f7178842-1a78-3a44-a679-bbbd9e59d9b9
|t 0
|
| 952 |
f |
f |
|a Texas A&M University
|b College Station
|c Electronic Resources
|d Available Online
|t 0
|e TJ759 .M37 2007
|h Library of Congress classification
|
| 998 |
f |
f |
|a TJ759 .M37 2007
|t 0
|l Available Online
|